Trouve le pays avec des fun facts - Statistiques

Statistiques générales
  • Ce quiz a été pris 85 fois
    84 depuis la dernière actualisation
  • Le résultat moyen est 8 sur 15
Statistiques - réponses
Hint Réponse % Correct
Dans ce pays, le prénom “IKEA” est interdit Suède
91%
Ce pays possède le plus grand nombre d’îles au monde (plus de 200 000) Suède
91%
Le drapeau de ce pays est le seul non rectangulaire au monde Nepal
83%
Ce pays possède la plus longue frontière terrestre du monde. Canada
72%
Dans ce pays, les distributeurs automatiques vendent parfois des œufs frais et des cravates. Japon
72%
Ce pays a un désert où il ne pleut presque jamais, mais où il existe des plages avec des pingouins Chili
64%
Il y a plus de moutons que d’habitants ici, dans un rapport d’environ 6 pour 1 Nouvelle Zélande
51%
Ce pays est traversé par l’équateur et possède aussi des glaciers Equateur
43%
Il y a plus de chameaux sauvages ici que dans tout autre pays au monde Australie
40%
Ce pays a officiellement 11 langues nationales Afrique du Sud
39%
Ce pays compte plus de 1 000 lacs naturels malgré sa petite taille. Finlande
33%
Ici, il existe une ville où il est interdit de mourir (faute de cimetière) Norvege
27%
Ce pays n’a pas d’armée depuis 1948 Costa Rica
21%
Le point le plus bas de la Terre ferme (–430 m) se trouve ici Jordanie
15%
C’est le seul pays situé sur les quatre hémisphères (Nord, Sud, Est, Ouest). Kiribati
12%
Aucun quiz correspondant
Distribution des résultats
% des personnes avec chaque résultat
Percentile par nombre de réponses
Votre historique - résultats
Vous n’avez pas pris ce quiz depuis la dernière actualisation